000 00211 a2200097 4500
001 18295
100 _aShigley, J.E
245 _aSimulation of mech systems
260 _a
_bMcGraw-Hill
_c
090 _c13588
_d13588
942 _aNUST-CAE
_cM
_c3989
999 _c253368
_d253368